000 00980cam a2200205 4500
001 WB3924-15
008 030626n2003 000 0 eng u
035 _a(Sirsi) u122759
245 _aTRIG offers help
260 _c2003
490 _aFarmers' Weekly
_v138(23) 6 June 2003, 7 & 21(1)
520 _aThe Tenancy Reform Industry Group (TRIG) has published a report aimed at helping tenant farmers diversify. The Tenant Famers Association claims that many tenants are limited in their attempts to diversify by the terms of their tenancy agreements and the reluctance of landlords to give approval. The report proposes several measures including a code of practice for landlords and tenants to agree terms for diversification on agricultural holdings.
590 _aWB
650 _aFARM BUSINESS TENANCY AGREEMENTS
650 _aTENANCY RIGHTS
650 _aRURAL BUSINESSES
650 _aRURAL DIVERSIFICATION
690 _aRURAL-AGRICULTURE AND FORESTRY
942 _n0
999 _c72934
_d72934